LEADER 00966nam a2200241 i 4500 001 000000062390 003 CaOOAMICUS 005 20090811000000.0 008 090811s1956 fr u000 u fre u 013 $a33562 040 $aSeMil$bita 100 1 $aDaniélou, Jean,$c.$0(OLS)http://semarc/name/50 245 10$aDieu et nous /$cJean Daniélou. 260 $aParis :$bB. Grasset,$c1956$e(Luogo di manifattura non identificato :$fImpr. Chantenay,$g1956) 300 $a250 p. ;$c19 cm. 490 0 $aÉglise et temps présent ;$v5 650 4$aDio.$0(OLS)http://semarc/subject/4429 830 0$aÉglise et temps présent ;$v5.$0(OLS)http://semarc/title/26187 850 $aSeMil 852 $aSeMil$W1$xVenegono$y1$m2B II 127$j28543$B28543$CSeMilBibl$Z2$F28546 $81 961 $aOmaggio: Oggioni don Costantino 996 $6245$aDieu et nous$9(OLS)http://semarc/title/98197 996 $6260$aParis :$bB. Grasset$9(OLS)http://semarc/publisher/35228 LEADER 00952nam a2200229 i 4500 001 000000103619 003 CaOOAMICUS 005 20070818000000.0 008 070818s1970 it u000 u ita u 013 $a75797 040 $aSeMil$bita 100 1 $aCameroni, Agostino .$0(OLS)http://semarc/name/44075 245 10$aAgostino Cameroni :$bDocumenti e note /$ca cura di Angelo Robbiati. 260 $a[S.l. :$bs.n.],$c1970$e(Treviglio :$fGrafiche Signorelli,$g1970) 300 $a238 p. :$b[1] ritr. ;$c24 cm. 600 14$aCameroni, Agostino <1870-1920>.$0(OLS)http://semarc/subject/18163 700 1 $aRobbiati, Angelo.$0(OLS)http://semarc/name/903 850 $aSeMil 852 $aSeMil$W1$xVenegono$y1$m3N IV 480$j60080$B60080$CSeMilBibl$Z2$F126989 $81 961 $aOmaggio: Altro 996 $6245$aAgostino Cameroni :$bDocumenti e note$9(OLS)http://semarc/title/150431 996 $6260$a[S.l. :$bs.n.]$9(OLS)http://semarc/publisher/29751